| 000 | 00493nam a2200181 a 4500 | ||
|---|---|---|---|
| 001 | 5977 | ||
| 003 | CDMR | ||
| 005 | 20140223010601.0 | ||
| 008 | 130220s2010||||||||||||||||||||||||||||d | ||
| 020 | _a9788492874071 | ||
| 040 |
_aCDMR _bcat _cCDMR |
||
| 100 | 1 |
_92195 _aPons, Agustà |
|
| 245 | 1 | 0 |
_aCartes a Clara _b: una periodista del segle XXI _cAgustà Pons |
| 260 |
_aBarcelona _bMeteora _c2010 |
||
| 300 |
_a253 p ; _c17 cm |
||
| 650 |
_aPeriodistes catalans _vBiografies _94 |
||
| 942 |
_cMON _2udc |
||
| 999 |
_c5977 _d5977 |
||